00792nam a22002177a 45000010005000000030006000050050017000110080041000280200018000690400029000870500015001160820011001311000020001422450093001622500037002552600035002923000021003275200172003486500023005206500031005434601FISKH20240918081536.0240918b cb ||||| |||| 00| 0 eng d a9780439296748 aFISKHbengcFISKHdFISKH aPN6109.B47 2808.81 aS.Mesmer, Edric aThe best poems ever /ca collection of poetry's greatest voices Edited by Edric S.Mesmer aFirst paperback printing in 2008 aNew York :bScholastic,c2008. a74 pages :c18cm aIncludes poems by Emily Dickinson, Edgar Allan Poe, William Shakespeare, Sylvia Plath, Walt Whitman, Pablo Neruda, Lucille Clifton, Elizabeth Barret Browning and more. 2PoemsaYoung adult 2Non-fictionaLanguage arts